[Event "POL-chT3 Wielkopolskie 1415"]
[Site "Poland"]
[Date "2015.01.18"]
[Round "4.16"]
[White "Niezgodka, Adam"]
[Black "Wisniewski, Emil"]
[Result "1-0"]
[WhiteElo "1523"]
[BlackElo "1819"]
[PlyCount "57"]
[EventDate "2014.11.30"]
[EventType "team-tourn"]
[EventRounds "11"]
[EventCountry "POL"]
[SourceTitle "EXT 2019"]
[Source "ChessBase"]
[SourceDate "2018.10.10"]
[SourceVersion "1"]
[SourceVersionDate "2018.10.10"]
[SourceQuality "1"]

1. d4 d5 2. c4 c6 3. e3 Nf6 4. Nc3 Bf5 5. Bd3 Bxd3 6. Qxd3 e6 7. Nf3 Bd6 8. 0-0 0-0 9. e4 dxe4 10. Nxe4 Nxe4 11. Qxe4 Nd7 12. Bg5 Be7 13. Bxe7 Qxe7 14. Rfe1 Rfd8 15. Rad1 Nf6 16. Qh4 Qb4 17. b3 a5 18. Re3 a4 19. g4 axb3 20. axb3 Ra3 21. g5 Nd7 22. g6 Nf6 23. gxf7+ Kh8 24. Rxe6 Qxb3 25. Rde1 Ra1 26. Rxa1 Qxf3 27. Rae1 Rf8 28. Re8 Nxe8 29. fxe8Q 1-0

[Event "Gniezno GOSiR op-A"]
[Site "Gniezno"]
[Date "2012.08.15"]
[Round "8"]
[White "Wisniewski, Emil"]
[Black "Banach, Szymon"]
[Result "0-1"]
[WhiteElo "1846"]
[BlackElo "1759"]
[PlyCount "74"]
[EventDate "2012.08.11"]
[EventType "swiss"]
[EventRounds "9"]
[EventCountry "POL"]
[SourceTitle "EXT 2023"]
[Source "ChessBase"]
[SourceDate "2022.10.05"]
[SourceVersion "1"]
[SourceVersionDate "2022.10.05"]
[SourceQuality "1"]

1. e4 c5 2. c3 e6 3. d4 d5 4. e5 Nc6 5. Nf3 Qb6 6. Be2 Nh6 7. 0-0 Nf5 8. g4 Nfe7 9. Re1 Ng6 10. a3 c4 11. Nbd2 Na5 12. Rb1 Bd7 13. Ng5 Be7 14. Nh3 0-0 15. f4 f6 16. Kh1 Nb3 17. Nxb3 Ba4 18. Qd2 Bxb3 19. Bd1 Bxd1 20. Rxd1 Bxa3 21. f5 exf5 22. Qg2 fxg4 23. Qxd5+ Kh8 24. Nf4 fxe5 25. Nxg6+ Qxg6 26. Be3 exd4 27. Bxd4 Be7 28. Qxb7 Bf6 29. Bxa7 g3 30. Bc5 Qh5 31. Bg1 gxh2 32. Bxh2 Be5 33. Qg2 Rad8 34. Re1 Bb8 35. Re7 Rd1+ 36. Rxd1 Qxd1+ 37. Bg1 Qh5+ 0-1

[Event "Gniezno-ch final"]
[Site "Gniezno"]
[Date "2012.05.19"]
[Round "5"]
[White "Wisniewski, Emil"]
[Black "Banach, Szymon"]
[Result "1-0"]
[WhiteElo "1909"]
[BlackElo "1777"]
[PlyCount "63"]
[EventDate "2012.05.12"]
[EventType "tourn"]
[EventRounds "9"]
[EventCountry "POL"]
[SourceTitle "EXT 2020"]
[Source "ChessBase"]
[SourceDate "2019.10.17"]
[SourceVersion "1"]
[SourceVersionDate "2019.10.17"]
[SourceQuality "1"]

1. e4 c5 2. Nc3 e6 3. f4 Ne7 4. Nf3 Nbc6 5. d4 cxd4 6. Nxd4 Nxd4 7. Qxd4 Nc6 8. Qf2 e5 9. Bc4 b6 10. 0-0 Bc5 11. Be3 Bxe3 12. Qxe3 0-0 13. Rad1 Qe7 14. Rd5 d6 15. f5 Nd4 16. f6 gxf6 17. Qh6 Be6 18. Rf4 f5 19. Rh4 f6 20. Rxd4 Bxc4 21. Rxc4 fxe4 22. Nd5 Qg7 23. Qxg7+ Kxg7 24. Rc7+ Kg6 25. Rcxh7 Kf5 26. g4+ Kg5 27. Nc7 Rae8 28. Nxe8 Rxe8 29. R7h5+ Kf4 30. g5+ Kf3 31. gxf6 Rg8+ 32. Kf1 1-0

[Event "Augustow Golden Rook op 53rd"]
[Site "Augustow"]
[Date "2011.06.03"]
[Round "9.10"]
[White "Pietruszewski, Marcin"]
[Black "Wisniewski, Emil"]
[Result "1-0"]
[WhiteElo "2111"]
[BlackElo "1892"]
[PlyCount "61"]
[EventDate "2011.05.29"]
[EventType "team-swiss"]
[EventRounds "9"]
[EventCountry "POL"]
[SourceTitle "EXT 2023"]
[Source "ChessBase"]
[SourceDate "2022.10.05"]
[SourceVersion "1"]
[SourceVersionDate "2022.10.05"]
[SourceQuality "1"]
[WhiteTeam "Suwalki Hancza"]
[BlackTeam "Gniezno LKS Chrobry"]
[WhiteTeamCountry "POL"]
[BlackTeamCountry "POL"]

1. e4 e6 2. d4 d5 3. Nc3 Bb4 4. e5 c5 5. Bd2 Bxc3 6. Bxc3 Nc6 7. Qg4 Nge7 8. Qxg7 Rg8 9. Qxh7 cxd4 10. Bd2 Nxe5 11. 0-0-0 Qb6 12. Bf4 N5g6 13. Bg5 Bd7 14. h4 0-0-0 15. h5 Nf8 16. Qxf7 Rxg5 17. Qxe7 Rf5 18. g4 Rxf2 19. Nh3 Rf3 20. Ng5 Rf4 21. Nf7 Rxg4 22. Nxd8 Qxd8 23. Qxd8+ Kxd8 24. h6 Rg8 25. h7 Rh8 26. Bd3 e5 27. Rdg1 Be6 28. Rh6 Ke7 29. Rg7+ Bf7 30. Bf5 e4 31. Kd2 1-0

[Event "Augustow Golden Rook op 53rd"]
[Site "Augustow"]
[Date "2011.05.30"]
[Round "2.18"]
[White "Wisniewski, Emil"]
[Black "Rak, Tomasz"]
[Result "1-0"]
[WhiteElo "1892"]
[BlackElo "2070"]
[PlyCount "85"]
[EventDate "2011.05.29"]
[EventType "team-swiss"]
[EventRounds "9"]
[EventCountry "POL"]
[SourceTitle "EXT 2023"]
[Source "ChessBase"]
[SourceDate "2022.10.05"]
[SourceVersion "1"]
[SourceVersionDate "2022.10.05"]
[SourceQuality "1"]
[WhiteTeam "Gniezno LKS Chrobry"]
[BlackTeam "Gizycko"]
[WhiteTeamCountry "POL"]
[BlackTeamCountry "POL"]

1. e4 c5 2. Nc3 Nc6 3. f4 g6 4. Nf3 Bg7 5. Bc4 e6 6. f5 Nge7 7. fxe6 fxe6 8. 0-0 0-0 9. d3 d5 10. Bb3 h6 11. Qe1 Nd4 12. Qg3 b5 13. Nxd4 Bxd4+ 14. Be3 Bxe3+ 15. Qxe3 c4 16. Qxh6 cxb3 17. exd5 exd5 18. Nxd5 Bf5 19. Nxe7+ Qxe7 20. axb3 Rf7 21. Qd2 Rc8 22. Rf2 Qc5 23. Raf1 b4 24. Qg5 Qd4 25. Kh1 Rc5 26. Rxf5 Rfxf5 27. Rxf5 Rxf5 28. Qxg6+ Qg7 29. Qxf5 Qxb2 30. Qd5+ Kg7 31. Qd7+ Kg6 32. Qc6+ Kg7 33. Qc7+ Kg6 34. h3 Qa1+ 35. Kh2 a5 36. Qc5 Qc1 37. Qc4 Qd2 38. Qe4+ Kf6 39. d4 Kg5 40. d5 Kf6 41. h4 Qc1 42. d6 Qd2 43. Qe7+ 1-0

[Event "POL-chT3 2010/11"]
[Site "Wielkopolska"]
[Date "2011.04.15"]
[Round "10"]
[White "Wisniewski, Emil"]
[Black "Anglart, Edward"]
[Result "1-0"]
[WhiteElo "1896"]
[BlackElo "1906"]
[PlyCount "72"]
[EventDate "2010.11.28"]
[EventType "team-tourn"]
[EventRounds "11"]
[EventCountry "POL"]
[SourceTitle "EXT 2019"]
[Source "ChessBase"]
[SourceDate "2018.10.10"]
[SourceVersion "1"]
[SourceVersionDate "2018.10.10"]
[SourceQuality "1"]
[WhiteTeam "Gniezno LKS Chrobry II"]
[BlackTeam "Wolsztyn UKS Szach"]
[WhiteTeamCountry "POL"]
[BlackTeamCountry "POL"]

1. e4 c5 2. Nc3 g6 3. f4 Bg7 4. Nf3 a6 5. a4 b6 6. d4 cxd4 7. Nxd4 Bb7 8. Be3 Nf6 9. Bd3 0-0 10. 0-0 d6 11. Qe2 Nbd7 12. Nb3 Qc7 13. Rad1 Nc5 14. Nxc5 dxc5 15. e5 Nd7 16. Rd2 Rfd8 17. Rfd1 Nf8 18. Bc4 Rxd2 19. Rxd2 e6 20. Rd6 f6 21. Bf2 fxe5 22. fxe5 Bc8 23. Nd5 Qa7 24. Nxb6 Rb8 25. a5 Qc7 26. Bh4 h6 27. Bd8 Qf7 28. Nxc8 Rxc8 29. Bxa6 Rb8 30. Bb6 Qf4 31. g3 Qxe5 32. Qxe5 Bxe5 33. Rc6 Bxb2 34. Rc8 Be5 35. Rxb8 Bxb8 36. Bc8 Kf7 1-0

[Event "POL-chT3 2010/11"]
[Site "Wielkopolska"]
[Date "2011.02.14"]
[Round "7"]
[White "Wisniewski, Emil"]
[Black "Kaczmarek, Piotr1111"]
[Result "1/2-1/2"]
[WhiteElo "1896"]
[BlackElo "1876"]
[PlyCount "37"]
[EventDate "2010.11.28"]
[EventType "team-tourn"]
[EventRounds "11"]
[EventCountry "POL"]
[SourceTitle "EXT 2019"]
[Source "ChessBase"]
[SourceDate "2018.10.10"]
[SourceVersion "1"]
[SourceVersionDate "2018.10.10"]
[SourceQuality "1"]
[WhiteTeam "Gniezno LKS Chrobry II"]
[BlackTeam "Poznan Lech"]
[WhiteTeamCountry "POL"]
[BlackTeamCountry "POL"]

1. e4 c5 2. Nc3 Nc6 3. f4 e6 4. Nf3 Nf6 5. Be2 d5 6. e5 Nd7 7. 0-0 Be7 8. Kh1 0-0 9. d4 a6 10. a4 Rb8 11. Be3 c4 12. f5 b5 13. axb5 axb5 14. Qd2 b4 15. Nd1 Nb6 16. Nf2 Bd7 17. Ng5 Ra8 18. Rxa8 Qxa8 19. Bg4 1/2-1/2

[Event "Gniezno Powiatu-A"]
[Site "Gniezno"]
[Date "2010.11.13"]
[Round "2.2"]
[White "Wisniewski, Emil"]
[Black "Bardeli, Lukasz"]
[Result "0-1"]
[WhiteElo "1896"]
[BlackElo "2332"]
[PlyCount "90"]
[EventDate "2010.11.12"]
[EventType "swiss"]
[EventRounds "5"]
[EventCountry "POL"]
[SourceTitle "EXT 2023"]
[Source "ChessBase"]
[SourceDate "2022.10.05"]
[SourceVersion "1"]
[SourceVersionDate "2022.10.05"]
[SourceQuality "1"]

1. e4 g6 2. d4 Bg7 3. Nf3 d6 4. Be2 Nf6 5. Nc3 0-0 6. 0-0 Bg4 7. Be3 Nc6 8. Nd2 Bxe2 9. Qxe2 e5 10. d5 Ne7 11. Rad1 Nh5 12. g4 Nf4 13. Bxf4 exf4 14. Qf3 g5 15. h4 Ng6 16. h5 Ne5 17. Qe2 c5 18. dxc6 bxc6 19. f3 Qb6+ 20. Kg2 Qxb2 21. Ndb1 Rfd8 22. Rd2 Qb4 23. a3 Qc5 24. Qf2 Nc4 25. Qxc5 dxc5 26. Rxd8+ Rxd8 27. Rf2 Ne3+ 28. Kh2 Nd1 29. Nxd1 Rxd1 30. Nd2 Bd4 31. Re2 Kf8 32. e5 Bxe5 33. Ne4 f6 34. Nxg5 fxg5 35. Rxe5 Rd5 36. Re2 Kf7 37. Kg1 c4 38. Kf2 c5 39. Ke1 c3 40. Re4 Rd2 41. Re2 Rxe2+ 42. Kxe2 c4 43. Ke1 Ke6 44. Kd1 Kd5 45. Kc1 Kc5 0-1

[Event "Gniezno-ch Final-A"]
[Site "Gniezno"]
[Date "2008.11.08"]
[Round "3"]
[White "Hemmerling, Jaroslaw"]
[Black "Wisniewski, Emil"]
[Result "0-1"]
[WhiteElo "1928"]
[BlackElo "1847"]
[PlyCount "87"]
[EventDate "2008.11.07"]
[EventType "swiss"]
[EventRounds "9"]
[EventCountry "POL"]
[SourceTitle "EXT 2023"]
[Source "ChessBase"]
[SourceDate "2022.10.05"]
[SourceVersion "1"]
[SourceVersionDate "2022.10.05"]
[SourceQuality "1"]

1. Nf3 d5 2. g3 c6 3. Bg2 Qc7 4. d4 Bf5 5. 0-0 e6 6. Nbd2 Nf6 7. c4 Nbd7 8. b3 Be7 9. Bb2 0-0 10. Rc1 Ne4 11. Nxe4 Bxe4 12. Nd2 Bxg2 13. Kxg2 Nf6 14. f3 Qa5 15. a3 Rad8 16. e4 h6 17. Qe2 Rfe8 18. e5 Nd7 19. b4 Qc7 20. f4 a5 21. cxd5 exd5 22. b5 c5 23. f5 c4 24. Qf3 Bg5 25. Rc2 Nf8 26. h4 Bxd2 27. Rxd2 Qb6 28. a4 g6 29. Ba3 gxf5 30. Bd6 Rxd6 31. exd6 Qxd6 32. Qxf5 Qe6 33. Rdf2 Re7 34. Rf4 c3 35. R1f2 Rc7 36. Qd3 Qg6 37. Rf5 Ne6 38. h5 Qg4 39. Rc2 Qxd4 40. Rxd5 Qxa4 41. Kh3 Qb3 42. Re5 a4 43. Re3 Ng5+ 44. Kg2 0-1

[Event "Gniezno-ch Final-A"]
[Site "Gniezno"]
[Date "2008.11.08"]
[Round "4"]
[White "Wisniewski, Emil"]
[Black "Kisielius, Raimundas"]
[Result "1/2-1/2"]
[WhiteElo "1847"]
[BlackElo "1983"]
[PlyCount "26"]
[EventDate "2008.11.07"]
[EventType "swiss"]
[EventRounds "9"]
[EventCountry "POL"]
[SourceTitle "EXT 2023"]
[Source "ChessBase"]
[SourceDate "2022.10.05"]
[SourceVersion "1"]
[SourceVersionDate "2022.10.05"]
[SourceQuality "1"]

1. e4 e5 2. Nc3 Bc5 3. Na4 Bb6 4. Nxb6 axb6 5. Bc4 Nf6 6. d3 d5 7. exd5 Nxd5 8. Qh5 0-0 9. Nf3 Nf6 10. Qh4 Nc6 11. Bg5 h6 12. Bxf6 Qxf6 13. Qxf6 gxf6 1/2-1/2

[Event "POL-chT 2nd League"]
[Site "Ustron"]
[Date "2008.09.07"]
[Round "2.41"]
[White "Wisniewski, Emil"]
[Black "Siedlinski, Piotr"]
[Result "0-1"]
[WhiteElo "1864"]
[BlackElo "1853"]
[PlyCount "100"]
[EventDate "2008.09.06"]
[EventType "team-swiss"]
[EventRounds "9"]
[EventCountry "POL"]
[SourceTitle "EXT 2015"]
[Source "ChessBase"]
[SourceDate "2014.11.20"]
[SourceVersion "1"]
[SourceVersionDate "2014.11.20"]
[SourceQuality "1"]
[WhiteTeam "Gniezno LKS Chrobry"]
[BlackTeam "Jaworzno JKSz MCKiS"]
[WhiteTeamCountry "POL"]
[BlackTeamCountry "POL"]

1. e4 d5 2. exd5 Qxd5 3. Nc3 Qa5 4. Bc4 Nf6 5. d3 c6 6. Bd2 Qc7 7. Nge2 Bf5 8. Ng3 Bg6 9. Qe2 e6 10. Nce4 Nbd7 11. Bc3 Bxe4 12. Nxe4 Be7 13. 0-0-0 a5 14. Ng5 Nd5 15. Bd2 b5 16. Bxd5 cxd5 17. Kb1 Bf6 18. Qh5 g6 19. Qf3 Qe5 20. d4 Qf5 21. Qxf5 gxf5 22. Nf3 Ke7 23. Rhe1 Rhg8 24. g3 Nb6 25. b3 Nc8 26. Bf4 Na7 27. Be5 b4 28. Bxf6+ Kxf6 29. Ne5 Nb5 30. Kb2 Ra7 31. Rd2 Rc8 32. Re3 Nc3 33. Nd3 Ne4 34. Rde2 Nc3 35. Rd2 Nb5 36. Nc1 Rac7 37. f4 Nxd4 38. Red3 Nxc2 39. Ne2 Na3 40. Nd4 Rc1 41. Rd1 R1c5 42. R3d2 Nb5 43. Nf3 Nc3 44. Rg1 Ne4 45. Re2 Rc3 46. Ne5 Nc5 47. Rd1 a4 48. Rd4 a3+ 49. Kb1 Rc1+ 50. Kxc1 Nxb3+ 0-1